O palhaço que perdeu o riso (Record no. 71228)

MARC details
000 -LÍDER
campo de controle de tamanho fixo 00398 a2200169 4500
001 - NÚMERO DE CONTROLE
campo de controle 71228
020 ## - ISBN - INTERNATIONAL STANDARD BOOK NUMBER
ISBN - International Standard Book Number
040 ## - FONTE DA CATALOGAÇÃO
Instituição que transcreveu o registro Anchieta - Colégio São Paulo
100 ## - ENTRADA PRINCIPAL--NOME PESSOAL
Nome pessoal Melo Junior, Maurício
240 10 - TÍTULO UNIFORME
Título uniforme O palhaço que perdeu o riso
Idioma da obra por
245 10 - TÍTULO
Título O palhaço que perdeu o riso
300 ## - DESCRIÇÃO FÍSICA
Extensão 57
362 0# - DATAS DE PUBLICAÇÃO E/OU DESIGNAÇÃO SEQUENCIAL
Datas de publicação e/ou designação sequencial 1993
440 #1 - DECLARAÇÃO DE SÉRIE/ENTRADA ADICIONADA--TÍTULO
Título Bagaço
650 #4 - ASSUNTO--TERMO TÓPICO
Cabeçalho tópico ou nome geográfico Literatura infanto-juvenil
942 ## - ELEMENTOS DE ENTRADA ADICIONADOS (KOHA)
Tipo de material Koha Livros
Holdings
Situação do descarte Situação das perdas Situação física Não pode ser emprestado Biblioteca de origem Biblioteca atual Data de aquisição Total de empréstimos Número de chamada completo Código de barras Data de último acesso Data do preço efetivo Tipo de material Koha
        Colégio São Paulo Colégio São Paulo 22/11/2023   028.5 M528 223/CSP 22/11/2023 22/11/2023 Livros